[Event "Split Open 2016"]
[Site "Split CRO"]
[Date "2016.08.20"]
[Round "9.8"]
[White "Šaric, Ante"]
[Black "Pavic, Filip"]
[Result "1/2-1/2"]
[WhiteElo "2562"]
[BlackElo "2209"]
[PlyCount "45"]
[EventDate "2016.08.13"]
[EventType "swiss"]
[EventRounds "9"]
[EventCountry "CRO"]
[SourceTitle "Ajedrez en Madrid"]
[Source "lmi"]
[SourceDate "2016.08.13"]
[SourceVersion "1"]
[SourceVersionDate "2018.03.10"]
[SourceQuality "1"]

1. Nf3 Nf6 2. c4 c5 3. Nc3 Nc6 4. e3 e5 5. Be2 d5 6. d4 cxd4 7. exd4 e4 8. Ne5
dxc4 9. Qa4 Be7 10. Nxc6 bxc6 11. Qxc6+ Bd7 12. Qxc4 Rb8 13. O-O O-O 14. Qa6
Qc7 15. g3 Rb6 16. Qa5 Qb7 17. Re1 h6 18. a3 Bd8 19. Qc5 Rc6 20. Qb4 Rb6 21.
Qc4 Rc6 22. Qb4 Rb6 23. Qc5 1/2-1/2

[Event "Split Open 2016"]
[Site "Split CRO"]
[Date "2016.08.20"]
[Round "9.9"]
[White "Srbiš, Jurica"]
[Black "Parligras, Cosmin"]
[Result "1-0"]
[WhiteElo "2426"]
[BlackElo "2260"]
[PlyCount "79"]
[EventDate "2016.08.13"]
[EventType "swiss"]
[EventRounds "9"]
[EventCountry "CRO"]
[SourceTitle "Ajedrez en Madrid"]
[Source "lmi"]
[SourceDate "2016.08.13"]
[SourceVersion "1"]
[SourceVersionDate "2018.03.10"]
[SourceQuality "1"]

1. e4 c5 2. Nf3 Nf6 3. e5 Nd5 4. Nc3 e6 5. Nxd5 exd5 6. d4 Nc6 7. dxc5 Bxc5 8.
Be2 d6 9. Qxd5 Qa5+ 10. Qd2 Qb6 11. O-O dxe5 12. c3 f6 13. b4 Be7 14. Qd5 Bd7
15. Be3 Qc7 16. Rfd1 Nd8 17. Rac1 a6 18. Qb3 Rc8 19. Rd2 Qc6 20. b5 axb5 21.
Rd5 Qc7 22. Rcd1 Bc6 23. Bxb5 Bxb5 24. Qxb5+ Qc6 25. c4 O-O 26. Rd7 Re8 27.
Qd5+ Kf8 28. Nh4 Qxc4 29. Nf5 Qxd5 30. R1xd5 Nf7 31. Rxb7 g6 32. Nxe7 Rxe7 33.
Bc5 Nd6 34. Rb1 Ne4 35. Bxe7+ Kxe7 36. f3 Nc3 37. Rb7+ Ke6 38. Rd2 e4 39. Rc2
e3 40. Kf1 1-0

[Event "Split Open 2016"]
[Site "Split CRO"]
[Date "2016.08.20"]
[Round "9.11"]
[White "Blazeka, Matej"]
[Black "Tomazini, Aljoša"]
[Result "0-1"]
[WhiteElo "2275"]
[BlackElo "2365"]
[PlyCount "60"]
[EventDate "2016.08.13"]
[EventType "swiss"]
[EventRounds "9"]
[EventCountry "CRO"]
[SourceTitle "Ajedrez en Madrid"]
[Source "lmi"]
[SourceDate "2016.08.13"]
[SourceVersion "1"]
[SourceVersionDate "2018.03.10"]
[SourceQuality "1"]

1. d4 Nf6 2. c4 g6 3. Nc3 d5 4. Qb3 dxc4 5. Qxc4 Bg7 6. Nf3 a6 7. Bf4 c6 8. e4
b5 9. Qd3 O-O 10. Be2 Nbd7 11. O-O c5 12. d5 Bb7 13. h3 Rc8 14. e5 Ne8 15. Rad1
Nb6 16. Bg5 Qd7 17. Qe3 Nxd5 18. Nxd5 Bxd5 19. Bxe7 Qxe7 20. Rxd5 c4 21. Rfd1
Nc7 22. Rd7 Qb4 23. Nd4 Qxb2 24. Bf3 Ne6 25. Nxe6 fxe6 26. Rxg7+ Kxg7 27. Rd7+
Rf7 28. Rxf7+ Kxf7 29. Qf4+ Ke8 30. Bg4 Rc5 0-1

[Event "Split Open 2016"]
[Site "Split CRO"]
[Date "2016.08.20"]
[Round "9.12"]
[White "Ostovic, Matija"]
[Black "Theodoulidis, Theodoros"]
[Result "1-0"]
[WhiteElo "2352"]
[BlackElo "2069"]
[PlyCount "43"]
[EventDate "2016.08.13"]
[EventType "swiss"]
[EventRounds "9"]
[EventCountry "CRO"]
[SourceTitle "Ajedrez en Madrid"]
[Source "lmi"]
[SourceDate "2016.08.13"]
[SourceVersion "1"]
[SourceVersionDate "2018.03.10"]
[SourceQuality "1"]

1. d4 Nf6 2. c4 e6 3. Nf3 Bb4+ 4. Nbd2 c5 5. a3 Bxd2+ 6. Bxd2 cxd4 7. Nxd4 d5
8. e3 O-O 9. cxd5 Nxd5 10. Bc4 a6 11. O-O b5 12. Bb3 Bb7 13. Rc1 Nf4 14. exf4
Qxd4 15. Bb4 Qe4 16. Qg4 Rc8 17. Rxc8+ Bxc8 18. Re1 Qg6 19. Qf3 Ra7 20. f5 Qf6
21. Bc3 Qe7 22. Qg3 1-0

[Event "Split Open 2016"]
[Site "Split CRO"]
[Date "2016.08.20"]
[Round "9.19"]
[White "Šuta, Andraz"]
[Black "Makovec, Bruno"]
[Result "0-1"]
[WhiteElo "2093"]
[BlackElo "2281"]
[PlyCount "110"]
[EventDate "2016.08.13"]
[EventType "swiss"]
[EventRounds "9"]
[EventCountry "CRO"]
[SourceTitle "Ajedrez en Madrid"]
[Source "lmi"]
[SourceDate "2016.08.13"]
[SourceVersion "1"]
[SourceVersionDate "2018.03.10"]
[SourceQuality "1"]

1. e4 c5 2. Nf3 d6 3. d4 cxd4 4. Nxd4 Nf6 5. Nc3 a6 6. Bc4 e6 7. Bb3 Nbd7 8.
Bg5 Nc5 9. f4 Be7 10. Qf3 Qc7 11. f5 b5 12. fxe6 fxe6 13. O-O O-O 14. Qe3 Nxb3
15. axb3 Bd7 16. h3 b4 17. Na4 Rab8 18. Kh1 Qa5 19. Nc3 Qe5 20. Nf3 Qc5 21.
Qxc5 dxc5 22. Ne2 Bb5 23. Rfe1 h6 24. Bxf6 Bxf6 25. e5 Be7 26. c4 bxc3 27. bxc3
Rb6 28. Ng3 Bc6 29. Ne4 Bb7 30. Rad1 Bc6 31. Ra1 Rfb8 32. Nfd2 Bd5 33. Re2 Rf8
34. Kg1 Rf5 35. c4 Bb7 36. Nc3 Bg5 37. Na4 Rc6 38. Rd1 Rc7 39. Rf1 Bf4 40. Nf3
g5 41. g4 Rf8 42. Nc3 Rd8 43. Ne1 Rd4 44. Na4 Re4 45. Rxe4 Bxe4 46. Nc3 Bc6 47.
Nd3 Be3+ 48. Kh2 Rd7 49. Nf2 Rd2 50. Kg1 Bf3 51. Nb1 Rc2 52. Na3 Rb2 53. Nb1
Bd4 54. Na3 Be2 55. Re1 Bd3 0-1

[Event "Split Open 2016"]
[Site "Split CRO"]
[Date "2016.08.20"]
[Round "9.25"]
[White "Franca, Veronika"]
[Black "Karabaic, Ivan"]
[Result "1/2-1/2"]
[WhiteElo "1991"]
[BlackElo "2182"]
[PlyCount "53"]
[EventDate "2016.08.13"]
[EventType "swiss"]
[EventRounds "9"]
[EventCountry "CRO"]
[SourceTitle "Ajedrez en Madrid"]
[Source "lmi"]
[SourceDate "2016.08.13"]
[SourceVersion "1"]
[SourceVersionDate "2018.03.10"]
[SourceQuality "1"]

1. d4 d5 2. c4 c6 3. Nc3 Nf6 4. cxd5 cxd5 5. Nf3 Nc6 6. Bf4 a6 7. Rc1 e6 8. e3
Be7 9. Bd3 O-O 10. O-O Nh5 11. Be5 Nxe5 12. Nxe5 Nf6 13. Qf3 g6 14. Na4 Nd7 15.
Nxd7 Bxd7 16. Nc5 Bc6 17. Qg3 Bd6 18. f4 Qb6 19. Rf2 Qa5 20. a3 Bxc5 21. Rxc5
Qe1+ 22. Rf1 Qd2 23. Bc2 Bb5 24. Rd1 Qe2 25. Re1 Qd2 26. Rd1 Qe2 27. Re1
1/2-1/2

[Event "Split Open 2016"]
[Site "Split CRO"]
[Date "2016.08.20"]
[Round "9.28"]
[White "Grinblat, Artemiy"]
[Black "Glavan, Marko"]
[Result "1-0"]
[WhiteElo "2176"]
[BlackElo "2020"]
[PlyCount "63"]
[EventDate "2016.08.13"]
[EventType "swiss"]
[EventRounds "9"]
[EventCountry "CRO"]
[SourceTitle "Ajedrez en Madrid"]
[Source "lmi"]
[SourceDate "2016.08.13"]
[SourceVersion "1"]
[SourceVersionDate "2018.03.10"]
[SourceQuality "1"]

1. e4 c5 2. c3 Nf6 3. e5 Nd5 4. d4 cxd4 5. cxd4 d6 6. Bc4 Nb6 7. Bb5+ Bd7 8. e6
Bxb5 9. Qh5 Qc8 10. Qxb5+ Kd8 11. Be3 Qxe6 12. Nc3 Qc4 13. Qh5 g6 14. Qf3 Nc6
15. Nge2 Ke8 16. O-O Bg7 17. a4 Qd3 18. a5 Nd7 19. a6 Rb8 20. axb7 Nd8 21. Rxa7
Qf5 22. Nf4 g5 23. g4 Qf6 24. Ncd5 Qh6 25. Nc7+ Kf8 26. Na6 Rxb7 27. Rxb7 Nxb7
28. Qxb7 Be5 29. Qa8+ Kg7 30. Nh5+ Kg6 31. Qe4+ f5 32. Qxf5# 1-0

[Event "Split Open 2016"]
[Site "Split CRO"]
[Date "2016.08.20"]
[Round "9.30"]
[White "Žnidaric, Anze"]
[Black "Aroven, Mikael"]
[Result "1-0"]
[WhiteElo "2010"]
[BlackElo "2112"]
[PlyCount "43"]
[EventDate "2016.08.13"]
[EventType "swiss"]
[EventRounds "9"]
[EventCountry "CRO"]
[SourceTitle "Ajedrez en Madrid"]
[Source "lmi"]
[SourceDate "2016.08.13"]
[SourceVersion "1"]
[SourceVersionDate "2018.03.10"]
[SourceQuality "1"]

1. Nf3 g6 2. d4 Bg7 3. g3 d6 4. Bg2 Nd7 5. c4 c6 6. O-O Ngf6 7. Nc3 O-O 8. e4
e5 9. b3 Re8 10. Re1 exd4 11. Nxd4 Nc5 12. Bb2 Qb6 13. Qd2 a5 14. Nc2 Ncxe4 15.
Bxe4 Nxe4 16. Nxe4 Bxb2 17. Nf6+ Bxf6 18. Rxe8+ Kg7 19. Qxd6 Bxa1 20. Qf8+ Kf6
21. Qh8+ Kg5 22. Qxh7 1-0